Les aspirants au titre AEW Women's - Statistiques

Statistiques générales
  • Ce quiz a été pris 11 fois
  • Le résultat moyen est 56 sur 74
Statistiques - réponses
Event Championne Aspirante % Correct
Dynamite 3 Riho Dr Britt Baker DMD
100%
Dynamite 13 Riho Dr Britt Baker DMD
100%
Double or Nothing 2021 Hikaru Shida Dr Britt Baker DMD
100%
All Out 2022 Vacant Dr Britt Baker DMD
100%
Dynamite 155 Toni Storm Dr Britt Baker DMD
100%
All In 2023 Hikaru Shida Dr Britt Baker DMD
100%
Dynamite 13 Riho Hikaru Shida
100%
Double or Nothing 2020 Nyla Rose Hikaru Shida
100%
All Out 2022 Vacant Hikaru Shida
100%
Dynamite 159 Toni Storm Hikaru Shida
100%
Dynamite 158 Jamie Hayter Hikaru Shida
100%
Dynamite 200 Toni Storm Hikaru Shida
100%
Dynamite 210 Saraya Hikaru Shida
100%
Battle of the belts III Thunder Rosa Jamie Hayter
100%
All Out 2022 Vacant Jamie Hayter
100%
Full Gear 2022 Toni Storm Jamie Hayter
100%
All In 2024 Toni Storm Mariah May
100%
Dynamite 1 Vacant Nyla Rose
100%
Dynamite 13 Riho Nyla Rose
100%
Dynamite 19 Riho Nyla Rose
100%
Full Gear 2020 Hikaru Shida Nyla Rose
100%
Dynamite 94 Dr Britt Baker DMD Nyla Rose
100%
Battle of the belts II Thunder Rosa Nyla Rose
100%
Dynamite 257 Mariah May Nyla Rose
100%
Dynamite 1 Vacant Riho
100%
Battle of the belts Dr Britt Baker DMD Riho
100%
Dynamite 183 Jamie Hayter Riho
100%
Worlds End 2023 Toni Storm Riho
100%
Revolution 2023 Jamie Hayter Saraya
100%
All In 2023 Hikaru Shida Saraya
100%
Dynamite 255 Toni Storm Saraya
100%
All Out 2020 Hikaru Shida Thunder Rosa
100%
Revolution 2022 Dr Britt Baker DMD Thunder Rosa
100%
Dynamite 128 Dr Britt Baker DMD Thunder Rosa
100%
Dynasty Toni Storm Thunder Rosa
100%
AEW / NJPW Forbidden door 2023 Toni Storm Willow Nightingale
100%
Dynamite 213 Hikaru Shida Willow Nightingale
100%
Wrestledream 2024 Mariah May Willow Nightingale
100%
Dynamite 14 Riho Kris Statlander
89%
Revolution 2020 Nyla Rose Kris Statlander
89%
All Out 2021 Dr Britt Baker DMD Kris Statlander
89%
AEW / NJPW Forbidden Door 2022 Thunder Rosa Toni Storm
89%
All Out 2022 Vacant Toni Storm
89%
Double or Nothing 2023 Jamie Hayter Toni Storm
89%
All In 2023 Hikaru Shida Toni Storm
89%
Dynamite 207 Saraya Toni Storm
89%
Full Gear 2023 Hikaru Shida Toni Storm
89%
Dynamite 60 Hikaru Shida Anna Jay
67%
Dynamite 201 Hikaru Shida Anna Jay
67%
Dynamite 155 Toni Storm Athena
67%
Dynamite 39 Hikaru Shida Penelope Ford
67%
Dynamite 103 Dr Britt Baker DMD Ruby Soho
67%
Revolution 2023 Jamie Hayter Ruby Soho
67%
Dynamite 212 Hikaru Shida Ruby Soho
67%
Revolution 2024 Toni Storm Deonna Purrazzo
56%
AEW / NJPW Forbidden Door 2024 Toni Storm Mina Shirakawa
56%
Dynamite 260 Mariah May Yuka Sakazaki
56%
Dynamite 140 Thunder Rosa Marina Shafir
44%
Dynamite 193 Toni Storm Skye Blue
44%
Dynamite 218 Toni Storm Skye Blue
44%
Dynamite 81 Hikaru Shida Tay Conti
44%
Full Gear 2021 Dr Britt Baker DMD Tay Conti
44%
Dynamite 66 Hikaru Shida Abadon
33%
Collision 20 Hikaru Shida Abadon
33%
Full Gear 2019 Riho Emi Sakura
33%
Battle of the belts VII Toni Storm Taya Valkyrie
22%
Rampage 1 Dr Britt Baker DMD Red Velvet
11%
Double or Nothing 2022 Thunder Rosa Serena Deeb
11%
Dynamite 155 Toni Storm Serena Deeb
11%
Dynamite 156 Toni Storm Serena Deeb
11%
Double or Nothing 2024 Toni Storm Serena Deeb
11%
Dynamite 54 Hikaru Shida Big Swole
0%
Dynamite 147 Thunder Rosa Miyu Yamashita
0%
Revolution 2021 Hikaru Shida Ryo Mizunami
0%
Aucun quiz correspondant
Distribution des résultats
% des personnes avec chaque résultat
Percentile par nombre de réponses
Votre historique - résultats
Vous n’avez pas pris ce quiz